000 00735nam a22002537a 4500
001 BR9510715
003 BR-BrBNA
005 20230928094833.0
007 ta
008 230509b bl.||||| |||| 00| 0 por d
040 _aBR-BrBNA
_bpor
_cBiblioteca Nacional de Agricultura
041 _a(Por)
072 _aD50; L01
_b5213
090 _ 5213 BR9510715
110 1 _aConselho Nacional de Desenvolvimento da Pecuaria, Brasilia, DF (Brasil)
_92664
245 1 _aPrograma nacional para a pecuaria bovina de corte
260 3 _aBrasilia, DF (Brasil):
_c[nd].
300 _a[vp]
650 _aGado de Corte
650 _aLegislacao
650 _aPolitica de Desenvolvimento
909 _a202309
_bLucia
_c55
_dLucia Elande
942 _cBK
999 _c52929
_d52929